000 01118nam a22002537a 4500
001 BD-DhSAU 7469
003 BD-DhSAU
005 20231029110942.0
008 150422b2006 bg ||||| m||m 00| 0 eng d
040 _aBD-DhSAU
082 _222
_a338.1
_bF375
100 _aFERDOUSI, MST. ATIYA
_eRegistration No. # 15-06664
245 _aDeterminants of dairy farmers’ income through cooperative farming: an evidence from rangpur district /
_bMS thesis
260 _aSher-e- Bangla Agricultural University:
_bDepartment of Agribusiness and Marketing,
_c2022.
300 _ax, 42p.:
_b30 cm.
500 _aMS thesis of Department of Agribusiness and Marketing , Faculty of Agribusiness, Sher-e-Bangla Agricultural University, Dhaka, Bangladesh
590 _aNamul
650 _adairy farmers’ income
651 _afarming: an evidence from rangpur district
700 _aProfessor. Md. Mahbubul Alam, PhD
_eSuperviser
700 _aProfessor Dr. Md. Mizanur Rahman Sarker
_eCo-Superviser
856 _uhttp://archive.saulibrary.edu.bd:8080/xmlui/handle/123456789/5048
942 _2ddc
_cTHESIS
999 _c17223
_d17222